• 首页
  • 本馆介绍
  • 公告通知
  • 最新文献
  • 馆藏检索
  • 电子资源
  • 读者导购
  • 参考咨询
  • 我的图书馆
  • 登录
  • 详细信息显示
  • 放入我的书架
  • 预约/预借图书
  • 作者相关作品
  • 分类相关作品
  • 丛书相关作品
  • 出版社相关作品

书目信息

  • 表格格式
  • 工作单格式
  • 卡片格式
题名:
地理知识智力训练
    
 
作者: 陶钧 , 李善立 编著
分册:  
出版信息: 北京   地质出版社  1982
页数: 178页
开本: 19cm
丛书名: 少年智力开发丛书
单 册:
中图分类: G634.55 , G633.55
科图分类:
主题词: 地理--中学--教学参考资料 , 教育--各级
电子资源:
ISBN:
000 00824nam2 2200301 45
001 0182001495
005 20040508103231.6
010    @dCNY0.52
091    @a7038.42
100    @a19950603d1982 demy0chiy0121 ea
101 0  @achi
102    @aCN@b110000
105    @ay z 000yy
106    @ar
200 10 @a地理知识智力训练@Ade li zhi shi zhi li xun lian@f陶钧,李善立编著
210    @a北京@c地质出版社@d1982
215    @a178页@d19cm
225 2  @a少年智力开发丛书
410  0 @120010@a少年智力开发丛书
606    @a地理@x中学@x教学参考资料
606 0  @a教育@x各级
690    @aG634.55@v3
690    @aG633.55
701  0 @a陶钧@Atao jun@4编著
701  0 @a李善立@Ali shan li@4编著
801  0 @aCN@b上海图书馆@c20040508
801  2 @aCN@bNLC@c20040508
905    @f5@b163894-898@f3@b105638-640@dG633.55@e34
    
    地理知识智力训练/陶钧,李善立编著.-北京:地质出版社,1982
    178页;19cm.-(少年智力开发丛书)
    
    
    ISBN :CNY0.52
    
●
相关链接 在E读中查询图书 在五车中查询图书 在当当中查询图书 在豆瓣中查询图书


正题名:地理知识智力训练     索取号:G633.55/34         预约/预借

序号 登录号 条形码 馆藏地/架位号 状态 备注
1 0105638   000254094   密集书库/ [索取号:G633.55/34] 在馆    
2 0105639   000254110   密集书库/ [索取号:G633.55/34] 在馆    
3 0105640   000254101   密集书库/ [索取号:G633.55/34] 在馆    
4 0163894   000255486   密集书库/ [索取号:G633.55/34] 在馆    
5 0163895   000255431   密集书库/ [索取号:G633.55/34] 在馆    
6 0163896   000255413   密集书库/ [索取号:G633.55/34] 在馆    
7 0163897   000254165   第一样本阅览室/ [索取号:G633.55/34] 在馆    
8 0163898   000255422   密集书库/ [索取号:G633.55/34] 在馆    
唐山师范学院图书馆 欢迎您!
大连网信软件有限公司© 版权所有